<?xml version="1.0" encoding="UTF-8"?>
<collection xmlns="http://www.loc.gov/MARC21/slim">
 <record>
  <leader>04710pam a2200577 a 4500</leader>
  <controlfield tag="001">AALScienceDirectebook000001</controlfield>
  <controlfield tag="003">BD-DhAAL</controlfield>
  <controlfield tag="006">m||||||||d||||||||        </controlfield>
  <controlfield tag="007">cr||||||||||||</controlfield>
  <controlfield tag="008">180330s9999\\\\xxuabf\fo\\j\\001\0\eng\d</controlfield>
  <datafield tag="999" ind1=" " ind2=" ">
   <subfield code="c">41944</subfield>
   <subfield code="d">41944</subfield>
  </datafield>
  <datafield tag="020" ind1=" " ind2=" ">
   <subfield code="a">0128136642</subfield>
  </datafield>
  <datafield tag="020" ind1=" " ind2=" ">
   <subfield code="a">9780128136645</subfield>
  </datafield>
  <datafield tag="020" ind1=" " ind2=" ">
   <subfield code="z">0128136634</subfield>
  </datafield>
  <datafield tag="020" ind1=" " ind2=" ">
   <subfield code="z">9780128136638</subfield>
  </datafield>
  <datafield tag="035" ind1=" " ind2=" ">
   <subfield code="a">(OCoLC)1029872304</subfield>
   <subfield code="z">(OCoLC)1030448739</subfield>
   <subfield code="z">(OCoLC)1030602097</subfield>
   <subfield code="z">(OCoLC)1030756554</subfield>
   <subfield code="z">(OCoLC)1030814055</subfield>
   <subfield code="z">(OCoLC)1039702024</subfield>
  </datafield>
  <datafield tag="040" ind1=" " ind2=" ">
   <subfield code="a">BD-DhAAL</subfield>
  </datafield>
  <datafield tag="050" ind1=" " ind2="4">
   <subfield code="a">RS199.5</subfield>
  </datafield>
  <datafield tag="072" ind1=" " ind2="7">
   <subfield code="a">MED</subfield>
   <subfield code="x">071000</subfield>
   <subfield code="2">bisacsh</subfield>
  </datafield>
  <datafield tag="082" ind1="0" ind2="4">
   <subfield code="a">615.6</subfield>
   <subfield code="2">23</subfield>
  </datafield>
  <datafield tag="245" ind1="0" ind2="0">
   <subfield code="a">Organic materials as smart nanocarriers for drug delivery /</subfield>
   <subfield code="c">edited by Alexandru Mihai Grumezescu </subfield>
   <subfield code="h">[electronic resource]</subfield>
  </datafield>
  <datafield tag="260" ind1=" " ind2="1">
   <subfield code="a">Oxford, United Kingdom :</subfield>
   <subfield code="b">Elsevier,</subfield>
   <subfield code="c">2018</subfield>
  </datafield>
  <datafield tag="300" ind1=" " ind2=" ">
   <subfield code="a">1 online resource.</subfield>
  </datafield>
  <datafield tag="490" ind1="1" ind2=" ">
   <subfield code="a">Pharmaceutical nanotechnology series</subfield>
  </datafield>
  <datafield tag="500" ind1=" " ind2=" ">
   <subfield code="a">&lt;strong&gt;Off-Campus Access:&lt;/strong&gt; Athens ID and Password Required</subfield>
  </datafield>
  <datafield tag="500" ind1=" " ind2=" ">
   <subfield code="a">&lt;strong&gt;On-Campus Access:&lt;/strong&gt; No User ID or Password Required</subfield>
  </datafield>
  <datafield tag="504" ind1=" " ind2=" ">
   <subfield code="a">Includes bibliographical references and index.</subfield>
  </datafield>
  <datafield tag="505" ind1="0" ind2=" ">
   <subfield code="a">1. Metal-organic frameworkds as expanding hybrid carriers with diverse therapeutic applications -- 2. Natural and semisynthetic polymers in pharmaceutical nanotechnology -- 3. Current perspectives on drug release studies from polymeric nanoparticles -- 4. Polymeric nanofibers for controlled drug delivery applications -- 5. Polymeric hydrogels for contact lens-based ophthalmic drug delivery systems -- 6. Palm-based nanoemulsions for drug delivery systems -- 7. Strategies for the design and synthesis of pincer-based dendrimers: potential applications -- 8. Nanohydrogels: emerging trend for drug delivery -- 9. Lipid-based nanoparticles for dermal drug delivery -- 10. Lipid-based nanoparticles for cancer diagnosis and therapy -- 11. Lyotropic liquid crystal nanoparticles: a novel improved lipidic drug delivery system -- 12. Vesicular carriers as innovative nanodrug delivery formulations -- 13. Gemini surfactant-based systems for drug and gene delivery -- 14. Self-assembled quaternary ammonium surfactants for pharmaceuticals and biotechnology -- 15 Cyclodextrin-based nanoparticles -- 16. Cyclodextrin nanosponge-based systems in drug delivery and nanotherapeutics: current progress and future prospects.</subfield>
  </datafield>
  <datafield tag="506" ind1=" " ind2=" ">
   <subfield code="a">Electronic access restricted to authorized BRAC University faculty, staff and students</subfield>
  </datafield>
  <datafield tag="520" ind1=" " ind2=" ">
   <subfield code="a">&quot;Organic Materials as Smart Nanocarriers for Drug Delivery presents the latest developments in the area of organic frameworks used in pharmaceutical nanotechnology. An up-to-date overview of organic smart nanocarriers is explored, along with the different types of nanocarriers, including polymeric micelles, cyclodextrins, hydrogels, lipid nanoparticles and nanoemlusions. Written by a diverse range of international academics, this book is a valuable reference for researchers in biomaterials, the pharmaceutical industry, and those who want to learn more about the current applications of organic smart nanocarriers. Explores the most recent molecular- and structure-based applications of organic smart nanocarriers in drug deliveryHighlights different smart nanocarriers and assesses their intricate organic structural properties for improving drug deliveryAssesses how molecular organic frameworks lead to more effective drug delivery systems&quot;--</subfield>
  </datafield>
  <datafield tag="538" ind1=" " ind2=" ">
   <subfield code="a">Mode of access: Internet</subfield>
  </datafield>
  <datafield tag="650" ind1=" " ind2="0">
   <subfield code="a">Drug carriers (Pharmacy).</subfield>
   <subfield code="9">37897</subfield>
  </datafield>
  <datafield tag="650" ind1=" " ind2="0">
   <subfield code="a">Drug delivery systems.</subfield>
   <subfield code="9">37898</subfield>
  </datafield>
  <datafield tag="650" ind1=" " ind2="0">
   <subfield code="a">Nanomedicine.</subfield>
   <subfield code="9">37899</subfield>
  </datafield>
  <datafield tag="650" ind1=" " ind2="0">
   <subfield code="a">Nanostructured materials.</subfield>
   <subfield code="9">37900</subfield>
  </datafield>
  <datafield tag="650" ind1=" " ind2="7">
   <subfield code="a">Drug carriers (Pharmacy)</subfield>
   <subfield code="2">fast</subfield>
   <subfield code="9">37897</subfield>
  </datafield>
  <datafield tag="650" ind1=" " ind2="7">
   <subfield code="a">Drug delivery systems.</subfield>
   <subfield code="2">fast</subfield>
   <subfield code="9">37898</subfield>
  </datafield>
  <datafield tag="650" ind1=" " ind2="7">
   <subfield code="a">MEDICAL</subfield>
   <subfield code="x">Pharmacology.</subfield>
   <subfield code="2">bisacsh</subfield>
   <subfield code="9">37901</subfield>
  </datafield>
  <datafield tag="650" ind1=" " ind2="7">
   <subfield code="a">Nanomedicine.</subfield>
   <subfield code="2">fast</subfield>
   <subfield code="9">37899</subfield>
  </datafield>
  <datafield tag="650" ind1=" " ind2="7">
   <subfield code="a">Nanostructured materials.</subfield>
   <subfield code="2">fast</subfield>
   <subfield code="9">37900</subfield>
  </datafield>
  <datafield tag="650" ind1="1" ind2="2">
   <subfield code="a">Drug Delivery Systems.</subfield>
   <subfield code="9">37902</subfield>
  </datafield>
  <datafield tag="650" ind1="1" ind2="2">
   <subfield code="a">Nanostructures.</subfield>
   <subfield code="9">37903</subfield>
  </datafield>
  <datafield tag="650" ind1="2" ind2="2">
   <subfield code="a">Drug Carriers.</subfield>
   <subfield code="9">37904</subfield>
  </datafield>
  <datafield tag="650" ind1="2" ind2="2">
   <subfield code="a">Nanomedicine.</subfield>
   <subfield code="9">37899</subfield>
  </datafield>
  <datafield tag="655" ind1=" " ind2="4">
   <subfield code="a">Electronic books.</subfield>
   <subfield code="9">40573</subfield>
  </datafield>
  <datafield tag="700" ind1="1" ind2=" ">
   <subfield code="a">Grumezescu, Alexandru Mihai,</subfield>
   <subfield code="e">editor.</subfield>
   <subfield code="9">37906</subfield>
  </datafield>
  <datafield tag="776" ind1="0" ind2="8">
   <subfield code="i">Print version:</subfield>
   <subfield code="t">Organic materials as smart nanocarriers for drug delivery.</subfield>
   <subfield code="d">Oxford, United Kingdom : William Andrew is an imprint of Elsevier, [2018]</subfield>
   <subfield code="z">0128136634</subfield>
   <subfield code="z">9780128136638</subfield>
   <subfield code="w">(OCoLC)1000029963</subfield>
  </datafield>
  <datafield tag="830" ind1=" " ind2="0">
   <subfield code="a">Pharmaceutical nanotechnology series.</subfield>
   <subfield code="9">37907</subfield>
  </datafield>
  <datafield tag="856" ind1="4" ind2="0">
   <subfield code="z">Full text available on ScienceDirect</subfield>
   <subfield code="u">https://www.sciencedirect.com/science/book/9780128136638</subfield>
  </datafield>
  <datafield tag="942" ind1=" " ind2=" ">
   <subfield code="2">ddc</subfield>
   <subfield code="c">EBK</subfield>
  </datafield>
  <datafield tag="952" ind1=" " ind2=" ">
   <subfield code="0">0</subfield>
   <subfield code="1">0</subfield>
   <subfield code="2">ddc</subfield>
   <subfield code="4">0</subfield>
   <subfield code="6">615_600000000000000_ORG</subfield>
   <subfield code="7">0</subfield>
   <subfield code="9">67367</subfield>
   <subfield code="a">BRACUL</subfield>
   <subfield code="b">BRACUL</subfield>
   <subfield code="d">2019-12-05</subfield>
   <subfield code="l">0</subfield>
   <subfield code="o">615.6 ORG</subfield>
   <subfield code="p">301009840514615</subfield>
   <subfield code="r">2019-12-05</subfield>
   <subfield code="w">2019-12-05</subfield>
   <subfield code="y">EBK</subfield>
  </datafield>
 </record>
</collection>
